| 000 | 00781nam a2200241 u 4500 | ||
|---|---|---|---|
| 005 | 20240924065413.0 | ||
| 008 | 120209s2011 mx r 000 0 spa d | ||
| 020 | _a9786074131239 | ||
| 035 | _aUPN01000183375 | ||
| 049 | _aCG | ||
| 050 | 4 |
_aLB2360.2 _bC8.3 |
|
| 245 | 0 | 0 |
_aCuerpos académicos : _bvía alterna hacia la investigación / _ccoord. Dalia Ruiz Avila. |
| 260 |
_aMéxico : _bUPN, _c2011. |
||
| 300 | _a308 p. | ||
| 440 | 0 |
_aHorizontes educativos. _pGestión educativa |
|
| 590 | _a(También localizas un ejemplar en el "área de reserva") | ||
| 650 | 2 |
_aCuerpos académicos _917003 |
|
| 650 | 4 |
_aEducación superior _zMéxico _94968 |
|
| 650 | 4 |
_aEducación y Estado _919 |
|
| 700 | 1 |
_aRuiz Avila, Dalia, _ecoord. _935257 |
|
| 905 | _aLibro | ||
| 999 |
_c155478 _d155478 |
||